[Event "Sao Paulo 2nd Consist-Hebraica"]
[Site "Sao Paulo"]
[Date "2006.06.??"]
[Round "7"]
[White "De Souza, Mauro Guimaraes"]
[Black "Hungaski, Robert Andrew"]
[Result "0-1"]
[WhiteElo "2359"]
[BlackElo "2400"]
[PlyCount "54"]
[EventDate "2006.06.01"]
[EventType "tourn"]
[EventRounds "9"]
[EventCountry "BRA"]
[SourceTitle "EXT 2022"]
[Source "ChessBase"]
[SourceDate "2021.10.06"]
[SourceVersion "1"]
[SourceVersionDate "2021.10.06"]
[SourceQuality "1"]

1. d4 Nf6 2. Nf3 e6 3. c4 b6 4. g3 Ba6 5. b3 Bb4+ 6. Bd2 Be7 7. Bg2 c6 8. 0-0 d5 9. Ne5 Nfd7 10. Nxd7 Nxd7 11. Bc3 0-0 12. Nd2 Rc8 13. Re1 f5 14. Bb2 b5 15. c5 e5 16. dxe5 Bxc5 17. Rc1 Qe7 18. Nf3 Bb4 19. Rf1 Bb7 20. Qd3 a6 21. Bh3 g6 22. g4 fxg4 23. Bxg4 Rf4 24. h3 Rcf8 25. a3 Ba5 26. Kh1 Bc7 27. Qc3 d4 0-1

[Event "Sao Paulo 2nd Consist-Hebraica"]
[Site "Sao Paulo"]
[Date "2006.06.??"]
[Round "3"]
[White "De Souza, Mauro Guimaraes"]
[Black "Marra, Eduardo da Costa"]
[Result "0-1"]
[WhiteElo "2359"]
[BlackElo "2244"]
[PlyCount "56"]
[EventDate "2006.06.01"]
[EventType "tourn"]
[EventRounds "9"]
[EventCountry "BRA"]
[SourceTitle "EXT 2022"]
[Source "ChessBase"]
[SourceDate "2021.10.06"]
[SourceVersion "1"]
[SourceVersionDate "2021.10.06"]
[SourceQuality "1"]

1. d4 Nf6 2. c4 e6 3. Nc3 Bb4 4. e3 b6 5. Nge2 c5 6. a3 Ba5 7. Rb1 Na6 8. Ng3 h5 9. Bd3 Bb7 10. f3 h4 11. Nge4 Nxe4 12. fxe4 Bxc3+ 13. bxc3 Qg5 14. 0-0 0-0 15. Qe2 d6 16. a4 Bc6 17. e5 h3 18. g3 Bg2 19. exd6 Bxf1 20. Qxf1 Qh5 21. e4 cxd4 22. cxd4 e5 23. c5 Nb8 24. dxe5 Qxe5 25. Be3 bxc5 26. Qxh3 Nc6 27. Rd1 c4 28. Bc2 Qc3 0-1